| 000 | 00674nam a2200169Ia 4500 | ||
|---|---|---|---|
| 008 | 110201s9999 xx 000 0 und d | ||
| 082 |
_bB10501 _aS 2045 |
||
| 100 | _aसंपा .गाडे सोपान | ||
| 245 | _aमहाराष्ट्रातील महिलाराज | ||
| 260 | _bअविष्कार प्रकाशन | ||
| 365 | _b220 | ||
| 600 | _aसंपा .गाडे सोपान | ||
| 630 | _aमहाराष्ट्रातील महिलाराज | ||
| 700 | _aसंपा .गाडे सोपान | ||
| 730 | _aमहाराष्ट्रातील महिलाराज | ||
| 942 | _cBOOK | ||
| 999 |
_c835897 _d835894 |
||